000 00545nam a2200217Ia 4500
008 180523s9999 xx 000 0 und d
020 _a71232451
050 _aMAIN HG 4026
050 _b.H54 2004 c.1
100 _aHiggins, Robert C.
245 0 _aAnalysis for financial management /
245 0 _cRobert C. Higgins.
250 _a7th Edition
260 _aNew York :
260 _bMcGraw-Hill,
260 _c2004
300 _a412 pages :
300 _c23 cm.
500 _aIncludes index.
650 _aCorporations -- Finance.
999 _c357259
_d357259